| 000 | 00000nam 2200000zi 4500 |
| 001 | 9.926661 |
| 003 | CaOODSP |
| 005 | 20240918075913 |
| 006 | m o d f |
| 007 | cr ||||||||||| |
| 008 | 230828e197212 oncbd o f000 0 eng d |
| 040 | |aCaOODSP|beng|erda|cCaOODSP |
| 043 | |an-cn-sn |
| 086 | 1 |aRE22-384/6-1972E-PDF |
| 245 | 00|aMining industry employment forecast, Saskatchewan, 1971-1981. |
| 264 | 1|a[Ottawa] : |bRegional Economic Expansion Canada = Expansion économique régionale Canada, |cDecember 1972. |
| 300 | |a1 online resource (33 pages) : |bmaps, graph |
| 336 | |atext|btxt|2rdacontent |
| 337 | |acomputer|bc|2rdamedia |
| 338 | |aonline resource|bcr|2rdacarrier |
| 500 | |aDigitized edition from print [produced by Innovation, Science and Economic Development Canada]. |
| 500 | |a"Working Paper." |
| 650 | 0|aMineral industries|zSaskatchewan. |
| 650 | 0|aEmployment forecasting|zSaskatchewan. |
| 650 | 6|aMines|xIndustrie|zSaskatchewan. |
| 650 | 6|aEmploi|xPrévision|zSaskatchewan. |
| 710 | 1 |aCanada. |bDepartment of Regional Economic Expansion, |eissuing body. |
| 856 | 40|qPDF|s473 KB|uhttps://publications.gc.ca/collections/collection_2024/isde-ised/re22/RE22-384-6-1972-eng.pdf |